000 00468nam a2200181Ia 4500
001 7912
005 20260306160530.0
008 260306t2006||||xx |||||||||||||| ||spa||
041 _aESP
082 _a363.73
_bR63
100 _aRíos Barrientos, Mario
_eAUT
245 0 _aParticipación y vigilancia ciudadana en la actividad minera:
_bimplicancias en el derecho
260 _c2006
300 _a
_c
650 _aGEN
654 _aCAN
942 _cLIB
_dJUS
_fJUS
_2ddc
_n
999 _c7912
_d7912